Statistics for Countries Whose Population Fell in 2017

Click here to take the quiz!

General Stats

  • This quiz has been taken 805 times
  • The average score is 13 of 21

Answer Stats

pop% losscountry% Correct
127 m0.2Japan
86%
44.2 m0.5Ukraine
72%
18.3 m0.9Syria
71%
38.2 m0.1Poland
68%
19.7 m0.5Romania
68%
7.1 m0.7Bulgaria
67%
8.8 m0.3Serbia
66%
8001.1Vatican City
66%
9.5 m0.1Belarus
65%
1.9 m1.1Latvia
65%
2.9 m0.6Lithuania
65%
1.3 m0.2Estonia
64%
4.2 m0.6Croatia
63%
11.2 m0.2Greece
63%
59.4 m0.1Italy
62%
9.7 m0.3Hungary
61%
3.5 m0.3Bosnia and
Herzegovina
59%
4.1 m0.2Moldova
58%
10.3 m0.4Portugal
49%
77,0000.4Andorra
47%
3.9 m0.2Georgia
34%

Score Distribution

Percentile by Number Answered

Percent of People with Each Score

Your Score History

You have not taken this quiz